000 01001nam a2200217 a 4500
001 000041024
005 20201002034547.0
008 130913s1985 sp 000 0 spa d
020 _a840006089X
040 _aDO-SdBNP
_bspa
_cBNPHU
082 _axxxx
_bxxxx
111 1 _aJornadas de Andalucía y América
_cUniversidad de Santa María de la Rábida
_n(1984 marzo )
_967493
245 1 0 _aAndalucía y América en el siglo XVIII :
_bactas de las IV jornadas de Andalucía y América /
_cedición Bibiano Torres Ramírez, José Hernández Palomo.
260 _aSevilla, España -- :
_bCSIC,
_c1985.
300 _a378 p. ;
_c25 cm.
490 1 _aPublicaciones de la escuela de estudios Hispano-Americanos de Sevilla
_v314
504 _aIncluye referencias bibliográficas y notas al pie de las páginas
700 1 _aTorres Ramírez, Bibiano,
_eed.
_914974
700 1 _aHernández Palomo, José,
_eed.
_914975
830 0 _aPublicaciones de la escuela de estudios Hispano-Americanos de Sevilla
_n314
_967494
999 _c40514
_d40514